000 00577nam a2200229 a 4500
999 _c4749
_d4749
001 4749
003 BD-JhCC
005 20171203094820.0
008 171203s19571970e b|||| || | 001 0 eng d
035 _a(BD-JhCC)4749
040 _aBD-JhCC
_dBD-JhCC
041 _aeng
082 _a909.825
_bBOY 1970
100 _aBoyd, Andrew
245 _aAn Atlas of World Affairs /
_c Andrew Boyd,
260 _aLondon :
_bMethuen & CO Ltd,
_c1970.
300 _a176 p. ;
_c20 cm.
650 _aHistorical Geography
650 _aWorld Politics
942 _2ddc
_cBK